000 00497nam a2200217Ia 4500
003 OSt
005 20220924132849.0
006 a|||||r|||| 00| 0
007 ta
008 220923b |||||||| |||| 00| 0 fre d
024 _a252521
037 _cTextual
040 _aARTS
_cARTS
_bfre
041 _2fre
_afre
082 _aV46:1, 122M2
245 0 _aEstudios arabes
260 _c1982
650 _aHISTORY
942 _hV46:1, 122M2
_cTEXL
_2CC
999 _c431870
_d431870